| 000 | 01220nam a2200349 a 4500 | ||
|---|---|---|---|
| 001 | 53944 | ||
| 003 | AR-BaAGN | ||
| 005 | 20240405111926.0 | ||
| 007 | ta | ||
| 008 | s ag |||||r|||| ||| ||spa d | ||
| 020 | _a9789877191288 | ||
| 040 |
_aAR-BaAGN _bspa _eaacr |
||
| 041 | 1 |
_aspa _heng |
|
| 100 | 1 |
_aManzano, Valeria, _d1975- _97795 |
|
| 240 | 1 | 4 |
_aThe age of youth in Argentina : culture, politics, & sexuality from Perón to Videla / _lEspañol. |
| 245 | 1 | 3 |
_aLa era de la juventud en Argentina : _bcultura, política y sexualidad desde Perón hasta Videla / _cValeria Manzano; traducido por Lilia Mosconi. |
| 250 | _a1a ed. | ||
| 260 |
_aBuenos Aires : _bFondo de Cultura Económica, _c2017. |
||
| 300 |
_a447 páginas : _bfotografías ; _c23 cm. |
||
| 336 |
_btxt _2rdacontent |
||
| 337 |
_bn _2rdamedia |
||
| 338 |
_bnc _2rdacarrier |
||
| 490 | 1 | _aObras de historia | |
| 600 | 1 | 4 |
_aPerón, Juan Domingo, _d1895-1974 _94501 |
| 600 | 1 | 4 |
_aVidela, Jorge Rafael, _d1925-2013 _94513 |
| 650 | 4 |
_aHISTORIA POLÍTICA ARGENTINA _91052 |
|
| 650 | 4 |
_aSEXUALIDAD _91981 |
|
| 650 | 4 |
_aCULTURA ARGENTINA _9667 |
|
| 651 | 4 |
_aArgentina _93645 |
|
| 700 | 1 |
_aMosconi, Lilia, _d1963- _97160 _etrl |
|
| 942 |
_cLIBRO _kAGN _n0 |
||
| 999 |
_c53944 _d53944 |
||